000 00391nam a2200157Ia 4500
008 230711s9999||||xx |||||||||||||| ||und||
041 _aENG
082 _a621.3
_bGU-E
100 _aGupta,S.S
245 0 _aElectrical Engineering,objective type
250 _a1st
260 _c1991
_aNew Delhi
_bLaxmi Publications(P) Ltd
300 _a755
650 _aElectrical Engineering
942 _cBK
999 _c1876
_d1876